[Event "Yerevan op 2nd"]
[Site "Yerevan"]
[Date "2017.09.19"]
[Round "1"]
[White "Gharagyozyan, Artur"]
[Black "Piliposyan, Gor"]
[Result "1-0"]
[WhiteElo "2170"]
[BlackElo "1464"]
[PlyCount "89"]
[EventDate "2017.09.19"]
[EventType "swiss"]
[EventRounds "9"]
[EventCountry "ARM"]
[SourceTitle "CBM 180 Extra"]
[Source "ChessBase"]
[SourceDate "2017.10.06"]
[SourceVersion "1"]
[SourceVersionDate "2017.10.06"]
[SourceQuality "1"]

1. d4 Nf6 2. Nf3 e6 3. c4 c5 4. e3 cxd4 5. exd4 Nc6 6. Nc3 d5 7. Bg5 Be7 8. c5 0-0 9. Bb5 a6 10. Bxc6 bxc6 11. Ne5 Bb7 12. 0-0 Nd7 13. Bxe7 Qxe7 14. Nxd7 Qxd7 15. Na4 Qc7 16. f4 f6 17. Qg4 Rae8 18. Rae1 Bc8 19. Nb6 Rf7 20. Re3 Rfe7 21. Rfe1 Kf7 22. b4 g6 23. g3 h5 24. Qe2 f5 25. h4 Qb8 26. Kh2 Qb7 27. Ra3 Qb8 28. Ra5 Ra7 29. Qf1 Ree7 30. Re3 Reb7 31. Rea3 Rxb6 32. cxb6 Qxb6 33. Qd3 Re7 34. Rc5 Re8 35. Rb3 Bd7 36. a3 Rb8 37. Rbc3 Ra8 38. Ra5 Ke7 39. Qe3 Qc7 40. Qe2 Bc8 41. Rac5 Bd7 42. Rxd5 a5 43. b5 Qb6 44. Rxd7+ Kxd7 45. Rxc6 1-0